Sharpest Tool - Sabrina Carpenter (All Lyrics) - Statistics

General Stats
  • This quiz has been taken 525 times
  • The average score is 381 of 440
Answer Stats
Lyrics % Correct
I
100%
to
100%
in
99%
sharpest
99%
the
99%
tool
99%
you
99%
your
99%
know
98%
not
98%
you're
98%
You're
98%
a
97%
an
96%
me
96%
We
96%
(We
96%
we
96%
I'm
94%
Then
94%
then
94%
and
93%
for
93%
best
92%
had
92%
it
92%
it,
92%
it)
92%
about
91%
met
91%
never
91%
sex,
91%
talk
91%
talk,
91%
that
91%
but
90%
guess
90%
Guess
90%
if
90%
If
90%
shed
90%
up
90%
was
90%
were
90%
we're
90%
don't
89%
idiot
89%
left
89%
Left
89%
of
89%
right,
89%
took
89%
friends
88%
second
88%
with
88%
casual,
87%
goin'
87%
On
86%
on
86%
confused
85%
lines
85%
lot
85%
shit
85%
think
85%
upset,
85%
yourself
85%
between
84%
by
84%
fine
84%
forget
84%
Lyin'
83%
answer
82%
how
82%
How
82%
lookin'
82%
wonderin'
82%
so
81%
guilt
80%
house,
80%
just
80%
bird
79%
now
79%
another
78%
at
78%
flies
77%
Found
77%
really
77%
Tuesday,
77%
bitch
76%
down
76%
hate
76%
hear
76%
I'll
76%
word
76%
ex's
75%
'Til
75%
time
75%
year
75%
phone
74%
face
73%
sure
73%
As
72%
God
72%
Made
72%
soft
72%
always
70%
creeps
70%
like
70%
"hey"
69%
send
69%
waste
67%
open
66%
Seems
65%
oh
64%
tripped
64%
recall
63%
All
60%
out,
59%
overnight,
59%
is
58%
'Cause
57%
silence
55%
makes
53%
leaves
52%
mind
52%
top
52%
strategy
51%
leavin'
49%
worse,
49%
dumbfounded,
47%
logged
44%
though
13%
No matching quizzes found
Score Distribution
Percent of People with Each Score
Percentile by Number Answered
Your Score History
You have not taken this quiz